00285nam a22001217a 4500008004100000020001800041041000800059080001900067082001400086100000600100101000800106245004900114210527b ||||| |||| 00| 0 eng d a9781416001591 aeng 25tha616-053.2 a616-053.2 a8 aPED aEssentials of PediatricscRobert M. Kliegman